000
00250nam a2200097Ia 4500
001
984819
005
20250826221031.0
008
250824s9999 xx 000 0 und d
245
0
_a
UZAY MACERALARI GİZLİ PLAN
_c
NAZLI ASPAY SENER
260
_b
GENÇ HAYAT
999
_c
984819
_d
984819